000 01467nam a22002537a 4500
999 _c60848
_d60848
003 Ge_BSU
005 20231107121835.0
008 231107s2023 ge ||||| |||| 00| 0 geo d
020 _a9789941980770
041 _ageo
080 _a821.353.1.092 ო-51
100 _aორაგველიძე, ეკა
_920304
245 _aთვითშემეცნების პრობლემა და "დავითიანის" არქიტექტონიკა :
_b[მონოგრაფია] /
_cეკა ორაგველიძე; რედ. ნესტან სულავა.
264 _aთბილისი :
_bსაქართველოს უნივერსიტეტის გამომცემლობა,
_c2023.
300 _a170 გვ. ;
_b26 სმ.
504 _aბიბლიოგრ. გვ. 159-167
653 _aძველი ქართული ლიტერატურის ისტორია
653 _aლიტერატურის ისტორია
653 _aლიტერატურის კრიტიკა
653 _aქართული ლიტერატურა
700 _aსულავა, ნესტან
_eრედაქტორი
_94746
856 _uhttps://dspace.nplg.gov.ge/bitstream/1234/447075/1/TvitshemecnebisProblemaDaDavitianisArqiteqtonika.pdf
_yელ. ვერსია. pdf
942 _2udc
_cᲬᲘᲒᲜᲘ